LEADER 01988oam 2200469z 450 001 9910164713503321 005 20230828230859.0 010 $a0-8031-4890-9 024 7 $a10.1520/STP826-EB 035 $a(CKB)3170000000045223 035 $a(SSID)ssj0001490803 035 $a(PQKBManifestationID)11848041 035 $a(PQKBTitleCode)TC0001490803 035 $a(PQKBWorkID)11493448 035 $a(PQKB)10571666 035 $a(NjHacI)993170000000045223 035 $a(EXLCZ)993170000000045223 100 $a20160829h19831983 uy 0 101 0 $aeng 135 $aur||||||||||| 181 $ctxt$2rdacontent 182 $cc$2rdamedia 183 $acr$2rdacarrier 200 10$aFire resistive coatings $ethe need for standards : a symposium /$fsponsored by ASTM Committee E-6 on Performance of Building Constructions, Philadelphia, Pa., 18 Oct. 1982 ; Morris Lieff and F.M. Stumpf, editors 210 31$aPhiladelphia :$cAmerican Society for Testing & Materials,$d1983 210 4$aŠ1983 215 $a1 online resource (154 pages) $cillustrations 300 $aBibliographic Level Mode of Issuance: Monograph 311 $a0-8031-0214-3 330 $a"ASTM Publication Code Number (PCN) 04-826000-31. - "ASTM special technical publication 826. - Includes bibliographical references and indexes. - Electronic reproduction; W. Conshohocken, Pa; ASTM International; 2011; Mode of access: World Wide Web; System requirements: Web browser; Access may be restricted to users at subscribing institutions. 606 $aFireproofing agents$vStandards$vCongresses 606 $aFire resistant materials$vStandards$vCongresses 615 0$aFireproofing agents 615 0$aFire resistant materials 676 $a628.9223 701 $aLieff$b M$0970869 712 02$aASTM Committee E-6 on Performance of Building Constructions. 801 0$bPQKB 906 $aBOOK 912 $a9910164713503321 996 $aFire resistive coatings$93433557 997 $aUNINA